Taylor Swift - Albums par emojis - Statistiques

Statistiques générales
  • Ce quiz a été pris 952 fois
    271 depuis la dernière actualisation
  • Le résultat moyen est 11 sur 12
Statistiques - réponses
Emojis Albums % Correct
💋🧣🍂❤️🚗☕️🎪 Red
98%
🌈🍬🏹💖👨‍💼🦩🌸🎀 Lover
97%
🐍📰🖤🪦🌃🎱🧟‍♀️♟️ Reputation
97%
🗽🏙️📸🩵👠🦊👗 1989
95%
🕯️📜🧙🏻‍♀️🤎🕰️🎢⏳🪵 evermore
92%
🌾🤠🦋💚🌻🐠🐴🪕 Taylor Swift
92%
🏰⭐️👑💛👸🏼🌼🫶 Fearless
91%
🪩🩶🌲🎞️👒🌙🪐 folklore
91%
💙✨💎🌌🍷🗼🕛 Midnights
91%
🎆🐉💜🎸🔮❄️⚡️ Speak Now
91%
❤️‍🔥🛁🎭✨🎤🎟️🍾💄 The Life of a Showgirl
91%
🤍✍️📖🐕‍🦺💔🗂️✉️👔 The Tortured Poets Department
90%
Aucun quiz correspondant
Distribution des résultats
% des personnes avec chaque résultat
Percentile par nombre de réponses
Votre historique - résultats
Vous n’avez pas pris ce quiz depuis la dernière actualisation